Ultimate Border Challenge By Letter - E - Statistics

General Stats
  • This quiz has been taken 114 times
  • The average score is 20 of 21
Answer Stats
Hint Answer % Correct
Egypt Libya
100%
Estonia Latvia
99%
Ecuador Peru
99%
Ethiopia Somalia
99%
East Timor Indonesia
98%
Estonia Russia
98%
Egypt Sudan
98%
Eritrea Sudan
98%
Ethiopia Sudan
98%
Ecuador Colombia
97%
Eritrea Ethiopia
97%
El Salvador Guatemala
97%
Ethiopia Eritrea
93%
Eritrea Djibouti
92%
Ethiopia Djibouti
92%
Ethiopia Kenya
92%
Ethiopia South Sudan
92%
El Salvador Honduras
91%
Egypt Israel
90%
Equatorial Guinea Cameroon
89%
Equatorial Guinea Gabon
87%
No matching quizzes found
Score Distribution
Percent of People with Each Score
Percentile by Number Answered
Your Score History
You have not taken this quiz